00865nam a2200217 a 450000500170000000800410001702000180005804000270007604100080010304400070011108200190011810000250013724500750016226001460023730000330038365000210041665000260043765000350046365000240049871001250052220200104041614.0160119t2009 cl fr|||| 000 0 spa d a9789253062638 aCO-BoIAVH cCO-BoIAVH 0 aspa acl04a354.33 bF47m21 aFigueroa B., Eugenio10aPago por servicios ambientales en áreas protegidas en America Latina aSantiago :bOrganización de las Naciones Unidas para la Alimentación y la Agricultura :bOrganismo Autónomo Parques Nacionales,cc2009. a133 páginas ;c25 x 18 cm. 6aAreas protegidas 6aServicios ambientales 6aPago por servicios ambientales 6aGestión ambiental2 aRed Latinoamericana de Cooperación Técnica en Parques Nacionales, otras Áreas Protegidas, Flora y Fauna Silvestres